Etnicidad y estructura social (Record no. 64850)

MARC details
000 -LEADER
fixed length control field 00772cam a2200217 4500
005 - DATE AND TIME OF LATEST TRANSACTION
control field 20240116151358.0
008 - FIXED-LENGTH DATA ELEMENTS--GENERAL INFORMATION
fixed length control field | mx gr 00| 0 spa|d
020 ## - INTERNATIONAL STANDARD BOOK NUMBER
International Standard Book Number 9684962029
050 04 - LIBRARY OF CONGRESS CALL NUMBER
Classification number GN495.6
Item number C37 1992
100 1# - MAIN ENTRY--PERSONAL NAME
Personal name Cardoso de Oliveira, Roberto
245 10 - TITLE STATEMENT
Title Etnicidad y estructura social
Statement of responsibility, etc / Roberto Cardoso de Oliveira ; traducción de Virginia Molina Ludy y Enrique Lemus.
250 ## - EDITION STATEMENT
Edition statement 1a ed.
260 ## - PUBLICATION, DISTRIBUTION, ETC. (IMPRINT)
Place of publication, distribution, etc México :
Name of publisher, distributor, etc Centro de Investigaciones y Estudios Superiores en Antropología Social,
Date of publication, distribution, etc 1992
300 ## - PHYSICAL DESCRIPTION
Extent 158 p. ,
Dimensions 21 cm.
490 0# - SERIES STATEMENT
Series statement Miguel Othón de Mendizábal
504 ## - BIBLIOGRAPHY, ETC. NOTE
Bibliography, etc Incluye bibliografías
650 #4 - SUBJECT ADDED ENTRY--TOPICAL TERM
Topical term or geographic name as entry element Etnología
700 ## - ADDED ENTRY--PERSONAL NAME
Relator code Molina Ludy, Virginia,
Relator term traductor.
700 ## - ADDED ENTRY--PERSONAL NAME
Personal name Lemus, Enrique,
Relator term traductor.
942 ## - ADDED ENTRY ELEMENTS (KOHA)
Source of classification or shelving scheme Biblioteca del Cogreso de los Estados Unidos
Koha item type Libro
Holdings
Estado de pérdida Fuente de clasificación Estado del daño No para préstamo Ubicación permanente Ubicación actual Apartado o colección Fecha de adquisición Fuente de adquisición Edición Enumeración de Serie / Cronológica Dependencia de educación superior (DES) Área del conocimiento Clasificación Código de Barras Date last seen Número de copia Costo por reposición Tipo de recurso
  Biblioteca del Cogreso de los Estados Unidos   Uso interno Biblioteca Biblioteca de la Facultad de Economía Biblioteca de la Facultad de Economía General 15/01/2024 Unidad Académica 1a ed. Ciencias Económico Administrativas Educación y Humanidades GN495.6 C37 1992 BFE000005288 08/07/2016 1 1.00 Libro
  Biblioteca del Cogreso de los Estados Unidos     Biblioteca de la Facultad de Economía Biblioteca de la Facultad de Economía General 15/01/2024 Unidad Académica 1a ed. Ciencias Económico Administrativas Educación y Humanidades GN495.6 C37 1992 BFE000005588 08/07/2016 2 1.00 Libro